Thành phần câu tiếng Việt

محفوظ في:
التفاصيل البيبلوغرافية
المؤلف الرئيسي: Nguyễn Minh Thuyết
التنسيق: كتاب
اللغة:Undetermined
منشور في: Hà Nội Đại Học Quốc Gia 1998
الموضوعات:
الوسوم: إضافة وسم
لا توجد وسوم, كن أول من يضع وسما على هذه التسجيلة!
Thư viện lưu trữ: Trung tâm Học liệu Trường Đại học Cần Thơ
LEADER 00623nam a2200193Ia 4500
001 CTU_34346
008 210402s9999 xx 000 0 und d
020 |b 25.000đ 
082 |a 495.9225 
082 |b Th527 
100 |a Nguyễn Minh Thuyết 
245 0 |a Thành phần câu tiếng Việt 
245 0 |c Nguyễn Minh Thuyết, Nguyễn Văn Hiệp 
260 |a Hà Nội 
260 |b Đại Học Quốc Gia 
260 |c 1998 
650 |a vietnamese language - grammar,vietnamese language - syntax 
904 |i Minh, 991203 
980 |a Trung tâm Học liệu Trường Đại học Cần Thơ